Top 100 US Cities By Population - Statistics

General Stats
  • This quiz has been taken 2,055 times
    2,025 since last reset
  • The average score is 59 of 100
Answer Stats
Population Cities % Correct
8,244,910 New York
99%
3,819,702 Los Angeles
98%
2,707,120 Chicago
97%
1,223,229 Dallas
95%
408,750 Miami
95%
2,145,146 Houston
94%
625,087 Boston
93%
812,826 San Francisco
93%
620,778 Seattle
93%
1,536,471 Philadelphia
91%
1,326,179 San Diego
91%
432,427 Atlanta
89%
706,585 Detroit
89%
1,469,471 Phoenix
89%
589,317 Las Vegas
88%
619,968 Denver
87%
360,740 New Orleans
87%
593,820 Portland
87%
820,611 Austin
84%
827,609 Indianapolis
83%
463,202 Kansas City
83%
1,359,758 San Antonio
83%
387,753 Minneapolis
82%
243,195 Orlando
82%
591,967 Oklahoma City
81%
827,908 Jacksonville
80%
609,644 Nashville
80%
393,806 Cleveland
79%
318,069 Saint Louis
79%
346,037 Tampa
79%
617,996 Washington D.C.
79%
619,493 Baltimore
78%
472,178 Sacramento
78%
652,050 Memphis
77%
967,487 San Jose
77%
751,087 Charlotte
76%
307,484 Pittsburgh
75%
797,434 Columbus
74%
261,025 Buffalo
72%
597,867 Milwaukee
70%
665,568 El Paso
68%
416,468 Raleigh
67%
296,223 Cincinnati
66%
758,738 Fort Worth
65%
340,936 Honolulu
64%
602,011 Louisville
64%
288,448 Saint Paul
64%
415,068 Omaha
63%
395,817 Oakland
62%
552,804 Albuquerque
61%
212,413 Birmingham
61%
230,139 Baton Rouge
60%
396,466 Tulsa
58%
525,796 Tucson
56%
501,362 Fresno
55%
262,341 Lincoln
55%
277,540 Newark
55%
295,570 Anchorage
54%
426,388 Colorado Springs
54%
236,901 Madison
54%
227,511 Reno
53%
442,707 Virginia Beach
52%
465,576 Long Beach
50%
384,445 Wichita
48%
341,361 Anaheim
44%
210,855 Rochester
44%
373,698 Arlington
43%
286,038 Toledo
43%
250,323 Jersey City
42%
307,953 Corpus Christi
41%
301,569 Lexington
41%
446,518 Mesa
41%
352,428 Bakersfield
40%
310,651 Riverside
36%
244,997 Saint Petersburg
35%
233,252 Durham
34%
242,628 Norfolk
34%
273,425 Greensboro
33%
332,354 Aurora
31%
255,824 Fort Wayne
31%
329,427 Santa Ana
31%
213,012 San Bernardino
29%
221,020 Scottsdale
29%
296,357 Stockton
29%
233,740 Lubbock
28%
215,529 Irvine
27%
269,776 Plano
27%
230,482 Glendale
25%
232,385 Winston-Salem
24%
260,068 Henderson
23%
241,935 Laredo
23%
219,020 North Las Vegas
23%
247,535 Chula Vista
20%
220,702 Irving
20%
240,101 Chandler
19%
225,050 Chesapeake
18%
229,969 Hialeah
18%
216,916 Fremont
17%
231,517 Garland
16%
211,951 Gilbert
15%
No matching quizzes found
Score Distribution
Percent of People with Each Score
Percentile by Number Answered
Your Score History
You have not taken this quiz since the last reset